|
|
|
|
| LEADER |
01083nam a2200301 a 4500 |
| 001 |
6309 |
| 003 |
BD-DhAAL |
| 005 |
20190702130825.0 |
| 008 |
151003t1991 mauuu 0 0eng |
| 999 |
|
|
|c 35665
|d 35665
|
| 010 |
|
|
|a 97657653
|
| 020 |
|
|
|a 0205130372
|
| 040 |
|
|
|a DLC
|b eng
|c DLC
|d OCoLC
|d BD-DhAAL
|
| 050 |
0 |
0 |
|a P87
|b .M48
|
| 082 |
0 |
0 |
|a 302.23/05
|2 21
|
| 245 |
1 |
0 |
|a Messages :
|b the Washington Post media companion /
|c the Washington Post Writer's Group.
|
| 246 |
3 |
0 |
|a Washington Post media companion
|
| 260 |
|
|
|a Boston :
|b Allyn and Bacon,
|c c1991-
|
| 300 |
|
|
|a xi, 370 ;
|c 24 cm.
|
| 362 |
0 |
|
|a [1]-
|
| 515 |
|
|
|a First issue lacks numeric designation.
|
| 541 |
|
|
|e 6309
|
| 590 |
|
|
|a SERBIB/SERLOC merged record
|
| 650 |
|
0 |
|a Mass media
|v Periodicals.
|9 15057
|
| 710 |
2 |
|
|a Washington Post Writers Group.
|9 15058
|
| 730 |
0 |
|
|a Washington Post (Washington, D.C. : 1974)
|9 15059
|
| 942 |
|
|
|2 ddc
|c BK
|
| 952 |
|
|
|0 0
|1 0
|2 ddc
|4 0
|6 302_230000000000000_05_MES
|7 0
|9 56085
|a SCL
|b SCL
|c GEN
|d 2015-10-03
|e Gift: The Asia Foundation
|l 0
|o 302.2305 MES
|p 3020006309
|r 2015-10-03
|t 1
|w 2015-10-03
|y BK
|